| 000 | 00920cam a2200289 i 4500 | ||
|---|---|---|---|
| 001 | 2738302 | ||
| 003 | OSt | ||
| 005 | 20250901165809.0 | ||
| 008 | 781226s1979 mauaf 000 0beng | ||
| 010 | _a 78031577 | ||
| 020 |
_a039527091X : _c$12.95 |
||
| 040 |
_aDLC _cDLC _dDLC |
||
| 043 | _an-us--- | ||
| 050 | 0 | 0 |
_aE 840 .8.K58 V34 1979 _bV34 |
| 082 | 0 | 0 |
_a973.924/092/4 _aB |
| 100 | 1 | _aValeriani, Richard. | |
| 245 | 1 | 0 |
_aTravels with Henry / _cRichard Valeriani. |
| 260 |
_aBoston : _bHoughton Mifflin, _c1979. |
||
| 300 |
_a400 p., [4] leaves of plates : _bill. ; _c24 cm. |
||
| 600 | 1 | 0 |
_aKissinger, Henry, _d1923-2023 _xTravel. |
| 600 | 1 | 0 | _aValeriani, Richard. |
| 650 | 0 |
_aStatesmen _zUnited States _vBiography. |
|
| 651 | 0 |
_aUnited States _xForeign relations _y1969-1974. |
|
| 651 | 0 |
_aUnited States _xForeign relations _y1974-1977. |
|
| 906 |
_a7 _bcbc _corignew _d1 _eocip _f19 _gy-gencatlg |
||
| 942 |
_2lcc _cBK |
||
| 999 |
_c9350 _d9350 |
||